000
00289nam a2200109Ia 4500
005
20251222120157.0
008
251222s1900||||xx |||||||||||||| ||spa||
082
_a
DVD0040/Z64/2007
245
0
_a
Beowulf la leyenda
264
_b
Starkey, Steve. Zemeckis, Roberts. Rapke, Jack.
942
_c
DVD
999
_c
2279
_d
2279